000 00928 a2200265 4500
001 11724
005 20260407155440.0
008 260407a2012 arg spa d
003 AR-UNSa-BCEJYS
040 _aAR-UNSa-BCEJYS
_bspa
_cAR-UNSa-BCEJYS
080 _a347.7(094.4)
_xCódigo de Comercio
245 1 0 _aCódigo de Comercio de la República Argentina
020 _a978-987-01-1327-0
250 _a11a. ed
264 1 _aBuenos Aires :
_bErrepar
_c2012
300 _axvii, 1036 p.
_c21 cm.
041 _aspa
942 _cBK
590 _aniveau_biblio:m niveau_hierar:0
100 1 _aParada, Ricardo Antonio
700 1 _aArgentina [Código de Comercio]
700 1 _aErrecaborde, José Daniel
700 1 _aCañada, Francisco Roberto
856 4 1 _uhttps://biblioeco.unsa.edu.ar/pmb/images/libros/C?digo de Comercio de la Rep?blica Argentina Argentina (C?digo de Comercio) (2012).jpg
_yImagen de portada
_qimage/jpeg
999 _c493
_d493